| 000 | 00000nam##2200000za#4500 |
| 001 | 9.700241 |
| 003 | CaOODSP |
| 005 | 20210625000739 |
| 007 | cr ||||||||||| |
| 008 | 150407|2015||||xxc|||||o f|0| 0 eng|d |
| 020 | |a978-1-100-25555-2 |
| 040 | |aCaOODSP|beng |
| 043 | |an-cn--- |
| 086 | 1 |aM34-22/2015E-PDF |
| 110 | 1 |aCanada. |bNatural Resources Canada. |
| 245 | 10|aCorporate social responsibility CSR checklist for Canadian mining companies working abroad |h[electronic resource] |
| 260 | |aOttawa - Ontario : |bNatural Resources Canada |cc2015. |
| 300 | |a69p.|bfigs., graphs, maps, tables, photographs |
| 590 | |a15-13|b2015-03-27 |
| 690 | 07|aInternational business development|2gcpds |
| 690 | 07|aMining industry|2gcpds |
| 775 | 08|tAide-mémoire à l'intention des entreprises d'exploration et d'exploitation minières canadiennes oeuvrant à l'étranger au sujet de la responsabilité sociale des entreprises (RSE) |w(CaOODSP)9.644135 |
| 776 | 0#|tCorporate social responsibility CSR checklist for Canadian mining companies working abroad.|w(CaOODSP)9.630254 |
| 856 | 40|ahttp://publications.gc.ca|qPDF|s6.58 MB|uhttps://publications.gc.ca/collections/collection_2015/rncan-nrcan/M34-22-2015-eng.pdf |